[Event "DEM U14w 2024"]
[Site "Willingen GER"]
[Date "2024.05.19"]
[Round "2"]
[White "Trunz, Tamila"]
[Black "Halas, Neele Zoe"]
[Result "1/2-1/2"]
[Termination "normal"]
[Board "1"]
[WhiteElo "1988"]
[BlackElo "1689"]
[WhiteClock "00:37:23"]
[BlackClock "01:06:22"]
[PlyCount "42"]
[WhiteFideId "16267885"]
[BlackFideId "16287282"]
[EventCountry "GER"]
[EventRounds "9"]
[EventType "swiss"]
[EventDate "2024.05.18"]

1. e4 {[%clk 01:30:56]} {[%emt 00:00:03]} e5 {[%clk 01:30:57]} {[%emt
00:00:04]} 2. Nf3 {[%clk 01:31:23]} {[%emt 00:00:04]} Nc6 {[%clk 01:31:23]}
{[%emt 00:00:03]} 3. Bb5 {[%clk 01:31:48]} {[%emt 00:00:05]} Nf6 {[%clk
01:31:49]} {[%emt 00:00:04]} 4. O-O {[%clk 01:32:10]} {[%emt 00:00:08]} Nxe4
{[%clk 01:32:15]} {[%emt 00:00:03]} 5. Re1 {[%clk 01:31:56]} {[%emt 00:00:43]}
Nd6 {[%clk 01:32:39]} {[%emt 00:00:06]} 6. Bxc6 {[%clk 01:31:48]} {[%emt
00:00:38]} dxc6 {[%clk 01:32:56]} {[%emt 00:00:14]} 7. Nxe5 {[%clk 01:30:22]}
{[%emt 00:01:56]} Be7 {[%clk 01:32:26]} {[%emt 00:00:59]} 8. Nc3 {[%clk
01:23:21]} {[%emt 00:07:31]} O-O {[%clk 01:31:05]} {[%emt 00:01:51]} 9. b3
{[%clk 01:16:18]} {[%emt 00:07:33]} Bf5 {[%clk 01:27:55]} {[%emt 00:03:40]} 10.
Bb2 {[%clk 01:14:46]} {[%emt 00:02:03]} Bf6 {[%clk 01:23:12]} {[%emt 00:05:13]}
11. Qf3 {[%clk 01:03:22]} {[%emt 00:11:54]} Re8 {[%clk 01:20:06]} {[%emt
00:03:36]} 12. Ng4 {[%clk 00:59:43]} {[%emt 00:04:09]} Bxg4 {[%clk 01:19:46]}
{[%emt 00:00:50]} 13. Qxg4 {[%clk 00:59:26]} {[%emt 00:00:47]} Rxe1+ {[%clk
01:17:12]} {[%emt 00:03:04]} 14. Rxe1 {[%clk 00:59:50]} {[%emt 00:00:06]} Nb5
{[%clk 01:11:55]} {[%emt 00:05:47]} 15. Qe2 {[%clk 00:55:55]} {[%emt 00:04:25]}
Nxc3 {[%clk 01:10:07]} {[%emt 00:02:19]} 16. Bxc3 {[%clk 00:54:17]} {[%emt
00:02:08]} Bxc3 {[%clk 01:10:16]} {[%emt 00:00:21]} 17. dxc3 {[%clk 00:54:42]}
{[%emt 00:00:04]} h6 {[%clk 01:08:50]} {[%emt 00:01:55]} 18. Rd1 {[%clk
00:41:08]} {[%emt 00:14:05]} Qg5 {[%clk 01:06:09]} {[%emt 00:03:11]} 19. Qd2
{[%clk 00:36:39]} {[%emt 00:04:59]} Qxd2 {[%clk 01:06:09]} {[%emt 00:00:31]}
20. Rxd2 {[%clk 00:37:04]} {[%emt 00:00:05]} Re8 {[%clk 01:06:21]} {[%emt
00:00:17]} 21. Kf1 {[%clk 00:37:23]} {[%emt 00:00:11]} Kf8 {[%clk 01:06:22]}
{[%emt 00:00:30]} 1/2-1/2

[Event "DEM U14w 2024"]
[Site "Willingen GER"]
[Date "2024.05.19"]
[Round "2"]
[White "Prokscha, Charlotte"]
[Black "Czäczine, Paula"]
[Result "0-1"]
[Termination "normal"]
[Board "2"]
[WhiteElo "1666"]
[BlackElo "1808"]
[WhiteClock "00:16:16"]
[BlackClock "00:06:10"]
[PlyCount "98"]
[WhiteFideId "34614699"]
[BlackFideId "16249305"]
[EventCountry "GER"]
[EventRounds "9"]
[EventType "swiss"]
[EventDate "2024.05.18"]

1. d4 {[%clk 01:30:41]} {[%emt 00:00:18]} d5 {[%clk 01:30:55]} {[%emt
00:00:05]} 2. c4 {[%clk 01:30:46]} {[%emt 00:00:26]} dxc4 {[%clk 01:31:17]}
{[%emt 00:00:08]} 3. Nf3 {[%clk 01:31:06]} {[%emt 00:00:09]} e6 {[%clk
01:30:44]} {[%emt 00:01:04]} 4. e3 {[%clk 01:31:14]} {[%emt 00:00:22]} c5
{[%clk 01:30:54]} {[%emt 00:00:20]} 5. Bxc4 {[%clk 01:30:43]} {[%emt 00:01:00]}
a6 {[%clk 01:30:58]} {[%emt 00:00:27]} 6. O-O {[%clk 01:30:28]} {[%emt
00:00:45]} Nf6 {[%clk 01:31:08]} {[%emt 00:00:20]} 7. Nc3 {[%clk 01:29:34]}
{[%emt 00:01:24]} b5 {[%clk 01:29:13]} {[%emt 00:02:25]} 8. Bb3 {[%clk
01:29:25]} {[%emt 00:00:38]} Bb7 {[%clk 01:24:56]} {[%emt 00:04:48]} 9. dxc5
{[%clk 01:27:39]} {[%emt 00:02:15]} Qxd1 {[%clk 01:22:58]} {[%emt 00:02:28]}
10. Rxd1 {[%clk 01:27:13]} {[%emt 00:00:56]} Bxc5 {[%clk 01:21:12]} {[%emt
00:02:16]} 11. Re1 {[%clk 01:08:39]} {[%emt 00:19:04]} Ba7 {[%clk 01:04:29]}
{[%emt 00:17:14]} 12. h3 {[%clk 01:02:20]} {[%emt 00:06:49]} Nbd7 {[%clk
01:00:41]} {[%emt 00:04:18]} 13. a3 {[%clk 00:53:23]} {[%emt 00:09:26]} Nc5
{[%clk 00:45:32]} {[%emt 00:15:39]} 14. Bc2 {[%clk 00:50:52]} {[%emt 00:03:00]}
Rd8 {[%clk 00:40:14]} {[%emt 00:05:48]} 15. b4 {[%clk 00:43:59]} {[%emt
00:07:23]} Nd3 {[%clk 00:37:04]} {[%emt 00:03:40]} 16. Rd1 {[%clk 00:43:08]}
{[%emt 00:01:20]} Nxc1 {[%clk 00:37:05]} {[%emt 00:00:30]} 17. Raxc1 {[%clk
00:41:40]} {[%emt 00:01:58]} O-O {[%clk 00:35:48]} {[%emt 00:01:47]} 18. Nd2
{[%clk 00:33:57]} {[%emt 00:08:12]} Rc8 {[%clk 00:30:34]} {[%emt 00:05:45]} 19.
Nce4 {[%clk 00:28:57]} {[%emt 00:05:30]} Rfd8 {[%clk 00:19:53]} {[%emt
00:11:11]} 20. Nxf6+ {[%clk 00:25:38]} {[%emt 00:03:49]} gxf6 {[%clk 00:20:10]}
{[%emt 00:00:13]} 21. Nb3 {[%clk 00:24:38]} {[%emt 00:01:30]} Rxd1+ {[%clk
00:18:11]} {[%emt 00:02:28]} 22. Bxd1 {[%clk 00:24:49]} {[%emt 00:00:20]} Rxc1
{[%clk 00:17:36]} {[%emt 00:01:05]} 23. Nxc1 {[%clk 00:25:14]} {[%emt
00:00:05]} Kf8 {[%clk 00:16:40]} {[%emt 00:01:26]} 24. Bc2 {[%clk 00:22:47]}
{[%emt 00:05:04]} h6 {[%clk 00:16:36]} 25. Nb3 {[%clk 00:22:31]} {[%emt
00:00:05]} Ke7 {[%clk 00:16:19]} {[%emt 00:00:07]} 26. Na5 {[%clk 00:21:53]}
{[%emt 00:00:56]} Ba8 {[%clk 00:15:59]} {[%emt 00:00:50]} 27. a4 {[%clk
00:21:55]} {[%emt 00:00:28]} Bb6 {[%clk 00:11:41]} {[%emt 00:04:48]} 28. axb5
{[%clk 00:21:51]} {[%emt 00:00:35]} Bxa5 {[%clk 00:11:13]} {[%emt 00:00:58]}
29. bxa5 {[%clk 00:22:05]} {[%emt 00:00:16]} axb5 {[%clk 00:11:22]} {[%emt
00:00:21]} 30. f4 {[%clk 00:20:39]} {[%emt 00:01:55]} Kd6 {[%clk 00:10:38]}
{[%emt 00:01:14]} 31. g4 {[%clk 00:20:17]} {[%emt 00:00:51]} Kc5 {[%clk
00:09:26]} {[%emt 00:01:44]} 32. h4 {[%clk 00:20:01]} {[%emt 00:00:46]} Kb4
{[%clk 00:06:44]} 33. a6 {[%clk 00:19:21]} {[%emt 00:04:22]} Kc3 {[%clk
00:06:46]} {[%emt 00:00:29]} 34. Bb1 {[%clk 00:18:50]} {[%emt 00:01:00]} b4
{[%clk 00:06:28]} {[%emt 00:00:48]} 35. g5 {[%clk 00:19:11]} {[%emt 00:00:08]}
fxg5 {[%clk 00:06:26]} {[%emt 00:00:33]} 36. hxg5 {[%clk 00:18:51]} {[%emt
00:00:49]} hxg5 {[%clk 00:05:50]} {[%emt 00:01:07]} 37. fxg5 {[%clk 00:18:36]}
{[%emt 00:00:45]} b3 {[%clk 00:06:02]} {[%emt 00:00:18]} 38. Kf2 {[%clk
00:18:26]} {[%emt 00:00:40]} Kd2 {[%clk 00:05:42]} {[%emt 00:00:49]} 39. a7
{[%clk 00:18:07]} {[%emt 00:00:50]} b2 {[%clk 00:05:01]} {[%emt 00:01:11]} 40.
g6 {[%clk 00:17:29]} {[%emt 00:01:07]} fxg6 {[%clk 00:04:59]} {[%emt 00:00:32]}
41. Bxg6 {[%clk 00:17:47]} {[%emt 00:00:13]} e5 {[%clk 00:04:56]} {[%emt
00:00:32]} 42. Bb1 {[%clk 00:16:00]} {[%emt 00:02:17]} Kc1 {[%clk 00:04:23]}
{[%emt 00:01:04]} 43. Ba2 {[%clk 00:15:46]} {[%emt 00:00:44]} e4 {[%clk
00:04:10]} {[%emt 00:00:43]} 44. Ke2 {[%clk 00:14:11]} {[%emt 00:05:24]} b1=Q
{[%clk 00:04:16]} 45. Bxb1 Kxb1 {[%clk 00:04:38]} 46. Kd1 {[%clk 00:15:00]} Kb2
{[%clk 00:05:00]} 47. Kd2 {[%clk 00:16:16]} Kb3 {[%clk 00:06:10]} 48. Kd1
{[%clk 00:16:16]} Kb4 {[%clk 00:06:10]} 49. Kd2 {[%clk 00:16:16]} Kb5 {[%clk
00:06:10]} 0-1

[Event "DEM U14w 2024"]
[Site "Willingen GER"]
[Date "2024.05.19"]
[Round "2"]
[White "Schwarzfischer, Julia"]
[Black "Kutz, Ida Klara"]
[Result "1-0"]
[Termination "normal"]
[Board "3"]
[WhiteElo "1767"]
[BlackElo "1690"]
[WhiteClock "01:09:53"]
[BlackClock "00:46:33"]
[PlyCount "59"]
[WhiteFideId "16268105"]
[BlackFideId "16296257"]
[EventCountry "GER"]
[EventRounds "9"]
[EventType "swiss"]
[EventDate "2024.05.18"]

1. e4 {[%clk 01:30:59]} {[%emt 01:00:49]} g6 {[%clk 01:30:50]} {[%emt
00:00:10]} 2. d4 {[%clk 01:31:25]} {[%emt 00:00:04]} Bg7 {[%clk 01:31:09]}
{[%emt 00:00:09]} 3. Nc3 {[%clk 01:31:50]} {[%emt 00:00:06]} d6 {[%clk
01:31:24]} {[%emt 00:00:15]} 4. Be3 {[%clk 01:32:13]} {[%emt 00:00:08]} Nf6
{[%clk 01:31:48]} {[%emt 00:00:05]} 5. f3 {[%clk 01:32:39]} {[%emt 00:00:06]}
O-O {[%clk 01:32:01]} {[%emt 00:00:16]} 6. Qd2 {[%clk 01:32:56]} {[%emt
00:00:14]} e5 {[%clk 01:32:24]} {[%emt 00:00:06]} 7. O-O-O {[%clk 01:32:33]}
{[%emt 00:00:53]} exd4 {[%clk 01:31:58]} {[%emt 00:00:56]} 8. Bxd4 {[%clk
01:32:52]} {[%emt 00:00:12]} a6 {[%clk 01:31:39]} {[%emt 00:00:49]} 9. Be3
{[%clk 01:33:01]} {[%emt 00:00:20]} b5 {[%clk 01:30:02]} {[%emt 00:02:06]} 10.
Bh6 {[%clk 01:33:14]} {[%emt 00:00:17]} b4 {[%clk 01:24:07]} {[%emt 00:06:26]}
11. Nce2 {[%clk 01:32:42]} {[%emt 00:01:02]} Nc6 {[%clk 01:22:20]} {[%emt
00:02:18]} 12. h4 {[%clk 01:32:40]} {[%emt 00:00:32]} a5 {[%clk 01:19:59]}
{[%emt 00:02:51]} 13. g4 {[%clk 01:31:01]} {[%emt 00:02:09]} Bxg4 {[%clk
01:09:23]} {[%emt 00:11:06]} 14. Bxg7 {[%clk 01:28:48]} {[%emt 00:02:44]} Kxg7
{[%clk 01:09:44]} {[%emt 00:00:09]} 15. fxg4 {[%clk 01:28:29]} {[%emt
00:00:49]} Nxg4 {[%clk 01:10:01]} {[%emt 00:00:13]} 16. Nf4 {[%clk 01:26:21]}
{[%emt 00:02:37]} h5 {[%clk 01:07:20]} {[%emt 00:03:12]} 17. Nf3 {[%clk
01:25:22]} {[%emt 00:01:29]} a4 {[%clk 01:04:48]} {[%emt 00:03:02]} 18. Bb5
{[%clk 01:23:50]} {[%emt 00:02:02]} Nce5 {[%clk 01:00:25]} {[%emt 00:04:53]}
19. Ng5 {[%clk 01:22:18]} {[%emt 00:02:02]} a3 {[%clk 00:55:38]} {[%emt
00:05:17]} 20. Nfe6+ {[%clk 01:22:25]} {[%emt 00:00:23]} fxe6 {[%clk 00:56:00]}
{[%emt 00:00:08]} 21. Nxe6+ {[%clk 01:22:37]} {[%emt 00:00:18]} Kh7 {[%clk
00:56:15]} {[%emt 00:00:15]} 22. Nxd8 {[%clk 01:22:48]} {[%emt 00:00:18]} Raxd8
{[%clk 00:56:31]} {[%emt 00:00:16]} 23. Rdf1 {[%clk 01:21:47]} {[%emt
00:01:30]} Nf3 {[%clk 00:52:20]} {[%emt 00:04:40]} 24. Qxb4 {[%clk 01:16:46]}
{[%emt 00:05:31]} axb2+ {[%clk 00:50:13]} {[%emt 00:02:37]} 25. Kb1 {[%clk
01:15:52]} {[%emt 00:01:24]} Rb8 {[%clk 00:50:05]} {[%emt 00:00:37]} 26. Qc3
{[%clk 01:13:33]} {[%emt 00:02:48]} Ngh2 {[%clk 00:46:28]} {[%emt 00:04:09]}
27. Rxf3 {[%clk 01:09:35]} {[%emt 00:04:28]} Nxf3 {[%clk 00:46:41]} {[%emt
00:00:16]} 28. Rf1 {[%clk 01:09:11]} {[%emt 00:00:55]} Rxb5 {[%clk 00:46:38]}
{[%emt 00:00:33]} 29. Rxf3 {[%clk 01:09:29]} {[%emt 00:00:12]} Rxf3 {[%clk
00:46:33]} {[%emt 00:00:36]} 30. Qxf3 {[%clk 01:09:53]} {[%emt 00:00:06]} 1-0

[Event "DEM U14w 2024"]
[Site "Willingen GER"]
[Date "2024.05.19"]
[Round "2"]
[White "Ignatova, Gabriela"]
[Black "Wagner, Cosima Thien-An"]
[Result "0-1"]
[Termination "normal"]
[Board "4"]
[WhiteElo "1552"]
[BlackElo "1773"]
[WhiteClock "00:17:43"]
[BlackClock "00:20:25"]
[PlyCount "68"]
[WhiteFideId "34623698"]
[BlackFideId "34603484"]
[EventCountry "GER"]
[EventRounds "9"]
[EventType "swiss"]
[EventDate "2024.05.18"]

1. e4 {[%clk 01:30:54]} {[%emt 00:00:06]} c5 {[%clk 01:30:58]} {[%emt
00:00:03]} 2. d4 {[%clk 01:31:19]} {[%emt 00:00:05]} cxd4 {[%clk 01:31:24]}
{[%emt 00:00:04]} 3. c3 {[%clk 01:31:45]} {[%emt 00:00:04]} dxc3 {[%clk
01:31:37]} {[%emt 00:00:17]} 4. Nxc3 {[%clk 01:32:09]} {[%emt 00:00:06]} Nc6
{[%clk 01:30:54]} {[%emt 00:01:13]} 5. Nf3 {[%clk 01:32:32]} {[%emt 00:00:07]}
g6 {[%clk 01:30:37]} {[%emt 00:00:46]} 6. Bc4 {[%clk 01:30:09]} {[%emt
00:02:54]} Bg7 {[%clk 01:30:26]} {[%emt 00:00:41]} 7. Ng5 {[%clk 01:20:31]}
{[%emt 00:10:06]} Nh6 {[%clk 01:30:46]} {[%emt 00:00:10]} 8. O-O {[%clk
01:19:33]} {[%emt 00:01:29]} O-O {[%clk 01:28:34]} {[%emt 00:02:42]} 9. Bf4
{[%clk 01:17:31]} {[%emt 00:02:32]} d6 {[%clk 01:26:03]} {[%emt 00:02:57]} 10.
Qe2 {[%clk 01:16:50]} {[%emt 00:01:15]} a6 {[%clk 01:06:40]} {[%emt 00:19:54]}
11. Rfd1 {[%clk 01:13:04]} {[%emt 00:04:15]} Ng4 {[%clk 00:59:00]} {[%emt
00:08:11]} 12. Rac1 {[%clk 00:52:36]} {[%emt 00:20:58]} Nge5 {[%clk 00:58:19]}
{[%emt 00:01:10]} 13. Bb3 {[%clk 00:52:05]} {[%emt 00:01:01]} h6 {[%clk
00:51:30]} {[%emt 00:07:20]} 14. Nf3 {[%clk 00:48:55]} {[%emt 00:03:39]} Bg4
{[%clk 00:50:19]} {[%emt 00:01:41]} 15. Qe3 {[%clk 00:45:30]} {[%emt 00:03:55]}
Bxf3 {[%clk 00:49:18]} {[%emt 00:01:30]} 16. gxf3 {[%clk 00:45:47]} {[%emt
00:00:14]} Kh7 {[%clk 00:49:12]} {[%emt 00:00:31]} 17. Kh1 {[%clk 00:43:38]}
{[%emt 00:02:44]} Na5 {[%clk 00:42:11]} {[%emt 00:07:30]} 18. Bxe5 {[%clk
00:37:01]} {[%emt 00:07:08]} Bxe5 {[%clk 00:41:28]} {[%emt 00:01:14]} 19. f4
{[%clk 00:37:21]} {[%emt 00:00:10]} Nxb3 {[%clk 00:41:00]} {[%emt 00:00:57]}
20. axb3 {[%clk 00:37:37]} {[%emt 00:00:14]} Bxc3 {[%clk 00:39:51]} {[%emt
00:01:40]} 21. Rxc3 {[%clk 00:37:21]} {[%emt 00:00:46]} Rc8 {[%clk 00:38:07]}
{[%emt 00:02:14]} 22. Rcd3 {[%clk 00:36:40]} {[%emt 00:01:09]} Qc7 {[%clk
00:35:18]} {[%emt 00:03:16]} 23. e5 {[%clk 00:33:44]} {[%emt 00:03:31]} dxe5
{[%clk 00:35:03]} {[%emt 00:00:45]} 24. Rd7 {[%clk 00:32:56]} {[%emt 00:01:16]}
exf4 {[%clk 00:23:09]} {[%emt 00:12:25]} 25. Qxe7 {[%clk 00:33:15]} {[%emt
00:00:12]} Qc6+ {[%clk 00:23:21]} {[%emt 00:00:17]} 26. Kg1 {[%clk 00:32:05]}
{[%emt 00:01:40]} Qf3 {[%clk 00:19:52]} {[%emt 00:03:59]} 27. R7d3 {[%clk
00:28:19]} {[%emt 00:04:16]} Qg4+ {[%clk 00:19:44]} {[%emt 00:00:36]} 28. Kf1
{[%clk 00:27:41]} {[%emt 00:01:10]} f3 {[%clk 00:19:14]} {[%emt 00:01:00]} 29.
Qe3 {[%clk 00:19:29]} {[%emt 00:08:42]} Qg2+ {[%clk 00:19:08]} {[%emt
00:00:35]} 30. Ke1 {[%clk 00:19:32]} {[%emt 00:00:28]} Rfe8 {[%clk 00:19:06]}
{[%emt 00:00:28]} 31. Kd2 {[%clk 00:18:46]} {[%emt 00:01:19]} Rxe3 {[%clk
00:19:28]} {[%emt 00:00:09]} 32. Rxe3 {[%clk 00:18:57]} {[%emt 00:00:19]} Qxf2+
{[%clk 00:19:53]} {[%emt 00:00:06]} 33. Kd3 {[%clk 00:17:42]} {[%emt 00:01:44]}
Qc2+ {[%clk 00:20:03]} {[%emt 00:00:15]} 34. Kd4 {[%clk 00:17:43]} {[%emt
00:00:34]} Qxd1+ {[%clk 00:20:25]} {[%emt 00:00:08]} 0-1

[Event "DEM U14w 2024"]
[Site "Willingen GER"]
[Date "2024.05.19"]
[Round "2"]
[White "Neininger, Sarah"]
[Black "Gold, Finnja"]
[Result "1-0"]
[Termination "normal"]
[Board "5"]
[WhiteElo "1744"]
[BlackElo "1484"]
[WhiteClock "01:03:51"]
[BlackClock "00:51:50"]
[PlyCount "45"]
[WhiteFideId "16287410"]
[BlackFideId "34660453"]
[EventCountry "GER"]
[EventRounds "9"]
[EventType "swiss"]
[EventDate "2024.05.18"]

1. e4 {[%clk 01:30:58]} {[%emt 00:00:01]} c5 {[%clk 01:30:51]} {[%emt
00:00:10]} 2. Be2 {[%clk 01:31:21]} {[%emt 00:00:07]} e6 {[%clk 01:29:47]}
{[%emt 00:01:33]} 3. f4 {[%clk 01:30:37]} {[%emt 00:01:14]} Be7 {[%clk
01:27:37]} {[%emt 00:02:41]} 4. Nf3 {[%clk 01:30:25]} {[%emt 00:00:41]} Nf6
{[%clk 01:27:02]} {[%emt 00:01:06]} 5. d3 {[%clk 01:30:46]} {[%emt 00:00:08]}
d5 {[%clk 01:27:00]} {[%emt 00:00:32]} 6. e5 {[%clk 01:30:14]} {[%emt
00:01:02]} Nfd7 {[%clk 01:26:45]} {[%emt 00:00:45]} 7. O-O {[%clk 01:29:34]}
{[%emt 00:01:09]} Nc6 {[%clk 01:26:37]} {[%emt 00:00:40]} 8. c3 {[%clk
01:29:22]} {[%emt 00:00:42]} b6 {[%clk 01:25:39]} {[%emt 00:01:29]} 9. d4
{[%clk 01:28:07]} {[%emt 00:01:44]} O-O {[%clk 01:25:43]} {[%emt 00:00:27]} 10.
Qe1 {[%clk 01:26:16]} {[%emt 00:02:19]} a5 {[%clk 01:24:55]} {[%emt 00:01:19]}
11. Qg3 {[%clk 01:25:49]} {[%emt 00:00:55]} Re8 {[%clk 01:23:58]} {[%emt
00:01:29]} 12. Na3 {[%clk 01:17:31]} {[%emt 00:08:48]} Ba6 {[%clk 01:18:06]}
{[%emt 00:06:22]} 13. Bxa6 {[%clk 01:16:44]} {[%emt 00:01:17]} Rxa6 {[%clk
01:18:24]} {[%emt 00:00:13]} 14. Nc2 {[%clk 01:16:56]} {[%emt 00:00:18]} b5
{[%clk 01:11:30]} {[%emt 00:07:23]} 15. f5 {[%clk 01:09:37]} {[%emt 00:07:48]}
exf5 {[%clk 01:10:19]} {[%emt 00:01:42]} 16. Ne3 {[%emt 00:04:24]} Nf8 {[%emt
00:06:40]} 17. Nxf5 {[%clk 01:07:47]} {[%emt 00:00:01]} Ne6 {[%clk 01:01:46]}
{[%emt 00:01:18]} 18. Nh6+ {[%clk 01:07:11]} {[%emt 00:01:04]} Kf8 {[%clk
00:58:20]} {[%emt 00:03:58]} 19. Nh4 {[%clk 01:03:05]} {[%emt 00:04:30]} f6
{[%clk 00:55:30]} {[%emt 00:03:26]} 20. Ng6+ {[%clk 01:03:09]} {[%emt
00:00:26]} hxg6 {[%clk 00:55:16]} {[%emt 00:00:44]} 21. Qxg6 {[%clk 01:03:31]}
{[%emt 00:00:08]} Nxe5 {[%clk 00:52:01]} {[%emt 00:03:45]} 22. dxe5 {[%clk
01:03:51]} {[%emt 00:00:10]} c4 {[%clk 00:51:50]} {[%emt 00:00:41]} 23. Qf7#
{[%emt 00:00:05]} 1-0

[Event "DEM U14w 2024"]
[Site "Willingen GER"]
[Date "2024.05.19"]
[Round "2"]
[White "Abram, Kristina-Maria"]
[Black "Bauer, Laura Sophie"]
[Result "0-1"]
[Termination "normal"]
[Board "6"]
[WhiteElo "1482"]
[BlackElo "1874"]
[WhiteClock "00:53:57"]
[BlackClock "01:14:05"]
[PlyCount "66"]
[WhiteFideId "16298349"]
[BlackFideId "16253647"]
[EventCountry "GER"]
[EventRounds "9"]
[EventType "swiss"]
[EventDate "2024.05.18"]

1. d4 {[%clk 01:30:56]} {[%emt 00:00:03]} d5 {[%clk 01:30:54]} {[%emt
00:00:06]} 2. c4 {[%clk 01:31:18]} {[%emt 00:00:08]} e6 {[%clk 01:31:19]}
{[%emt 00:00:06]} 3. Nc3 {[%clk 01:31:30]} {[%emt 00:00:18]} Nf6 {[%clk
01:31:42]} {[%emt 00:00:07]} 4. cxd5 {[%clk 01:31:39]} {[%emt 00:00:22]} exd5
{[%clk 01:32:03]} {[%emt 00:00:09]} 5. Bg5 {[%clk 01:31:59]} {[%emt 00:00:09]}
Be7 {[%clk 01:32:26]} {[%emt 00:00:07]} 6. e3 {[%clk 01:32:07]} {[%emt
00:00:21]} h6 {[%clk 01:32:49]} {[%emt 00:00:08]} 7. Bh4 {[%clk 01:32:18]}
{[%emt 00:00:19]} O-O {[%clk 01:33:01]} {[%emt 00:00:18]} 8. Bd3 {[%clk
01:32:29]} {[%emt 00:00:19]} c6 {[%clk 01:33:09]} {[%emt 00:00:22]} 9. Qc2
{[%clk 01:32:45]} {[%emt 00:00:14]} Nbd7 {[%clk 01:33:11]} {[%emt 00:00:28]}
10. Nge2 {[%clk 01:33:01]} {[%emt 00:00:14]} Re8 {[%clk 01:32:11]} {[%emt
00:01:30]} 11. O-O {[%clk 01:33:20]} {[%emt 00:00:11]} Nh5 {[%clk 01:32:13]}
{[%emt 00:00:28]} 12. Bxe7 {[%clk 01:33:02]} {[%emt 00:00:48]} Qxe7 {[%clk
01:32:35]} {[%emt 00:00:08]} 13. f3 {[%clk 01:30:24]} {[%emt 00:03:08]} Qxe3+
{[%clk 01:31:21]} {[%emt 00:01:43]} 14. Kh1 {[%clk 01:29:36]} {[%emt 00:01:18]}
Nb6 {[%clk 01:28:50]} {[%emt 00:03:03]} 15. Rae1 {[%clk 01:28:59]} {[%emt
00:01:07]} Bd7 {[%clk 01:26:30]} {[%emt 00:02:50]} 16. Qb1 {[%clk 01:22:04]}
{[%emt 00:07:24]} Nf4 {[%clk 01:22:34]} {[%emt 00:04:25]} 17. Nxf4 {[%clk
01:09:41]} {[%emt 00:12:53]} Qxf4 {[%clk 01:22:46]} {[%emt 00:00:19]} 18. Ne2
{[%clk 01:09:52]} {[%emt 00:00:18]} Qf6 {[%clk 01:22:37]} {[%emt 00:00:39]} 19.
b3 {[%clk 01:06:41]} {[%emt 00:03:42]} Nc8 {[%clk 01:21:33]} {[%emt 00:01:35]}
20. Qb2 {[%clk 01:06:18]} {[%emt 00:00:52]} Nd6 {[%clk 01:20:30]} {[%emt
00:01:33]} 21. Qa3 {[%clk 01:05:27]} {[%emt 00:01:21]} Re3 {[%clk 01:19:35]}
{[%emt 00:01:25]} 22. Bc2 {[%clk 01:04:49]} {[%emt 00:01:08]} Rae8 {[%clk
01:19:41]} {[%emt 00:00:23]} 23. Bd1 {[%clk 01:04:41]} {[%emt 00:00:39]} Nb5
{[%clk 01:19:34]} {[%emt 00:00:37]} 24. Qb4 {[%clk 01:04:14]} {[%emt 00:00:51]}
Bf5 {[%clk 01:18:15]} {[%emt 00:01:55]} 25. Qd2 {[%clk 01:02:45]} {[%emt
00:01:56]} Rd3 {[%clk 01:16:29]} {[%emt 00:02:18]} 26. Qf4 {[%clk 01:02:02]}
{[%emt 00:01:04]} Rde3 {[%clk 01:15:12]} {[%emt 00:01:57]} 27. Qg3 {[%clk
00:59:59]} {[%emt 00:02:33]} Bd3 {[%clk 01:15:14]} {[%emt 00:00:28]} 28. h3
{[%clk 00:56:02]} {[%emt 00:04:27]} Bxe2 {[%clk 01:13:05]} {[%emt 00:02:40]}
29. Bxe2 {[%clk 00:53:56]} {[%emt 00:02:35]} Rxe2 {[%clk 01:13:16]} {[%emt
00:00:19]} 30. Rxe2 {[%clk 00:54:20]} {[%emt 00:00:06]} Rxe2 {[%clk 01:13:41]}
{[%emt 00:00:05]} 31. Qb8+ {[%clk 00:53:32]} {[%emt 00:01:17]} Kh7 {[%clk
01:14:06]} {[%emt 00:00:06]} 32. Qxb7 {[%clk 00:53:52]} {[%emt 00:00:10]} Qg6
{[%clk 01:13:43]} {[%emt 00:00:53]} 33. Rg1 {[%clk 00:53:57]} {[%emt 00:00:24]}
Rxa2 {[%clk 01:14:05]} {[%emt 00:00:09]} 0-1